Flexible Fertigungssysteme Entscheidungsunterstützung für Konfiguration und Betrieb

Gespeichert in:
Bibliographische Detailangaben
1. Verfasser: Tempelmeier, Horst
Weitere Verfasser: Kuhn, Heinrich
Format: Buch
Sprache:Deutsch
Veröffentlicht: Berlin Springer 1992
Ausgabe:1. Aufl.
Schlagworte:
Tags: Tag hinzufügen
Keine Tags, Fügen Sie das erste Tag hinzu!

MARC

LEADER 00000nam a2200000 4500
001 c001962
005 20221221080136.2
020 |a 3-540-55154-9 
041 0 |a ger 
044 |a DE 
245 1 0 |a Flexible Fertigungssysteme  |b Entscheidungsunterstützung für Konfiguration und Betrieb  |c Horst Tempelmeier, Heinrich Kuhn 
250 |a 1. Aufl. 
264 1 |a Berlin  |b Springer  |c 1992 
300 |a 516 s. 
610 2 0 |a systémy výrobné pružné 
610 2 0 |a plánovanie výroby 
610 2 0 |a riadenie výroby 
610 2 0 |a modely analytické ekonometrické 
610 2 0 |a modely rozhodovania 
100 1 |a Tempelmeier, Horst 
700 1 |a Kuhn, Heinrich